000 00837cam a2200265 4500
008 090401t1994 xxu||||| |||| 00| 0 eng d
020 _a011752994X
035 _a(Sirsi) u76021
041 _aeng
050 _a692.8
100 _aLatham, Michael
_cSir
_d1942-
240 _aLatham report
245 _aConstructing the team: joint review of procurement and contractual arrangements in the United Kingdom construction industry: final report July 1994.
260 _aLondon
_bHMSO
_c1994
300 _aix,130p. ; 30cm.
350 _a19.95
650 _aBUILT ENVIRONMENT-BUILDING CONTRACT FORMS
650 _aBUILDING INDUSTRY
650 _aLATHAM REFORMS
650 _aLATHAM REFORMS
690 _aBUILT ENVIRONMENT
710 _aUnited Kingdom
_bDepartment of the Environment
_9982
942 _n0
948 _c04/03/1997
999 _c96109
_d96109